Library Banner

Understanding the post-colonial world/ (Record no. 101004)

MARC details
000 -LEADER
fixed length control field 00376nam a22001337a 4500
005 - DATE AND TIME OF LATEST TRANSACTION
control field 20171226114843.0
008 - FIXED-LENGTH DATA ELEMENTS--GENERAL INFORMATION
fixed length control field 171226b xxu||||| |||| 00| 0 eng d
040 ## - CATALOGING SOURCE
Transcribing agency PK-LaUMT
082 ## - DEWEY DECIMAL CLASSIFICATION NUMBER
Classification number PKAC 320.954
Item number UND-
245 ## - TITLE STATEMENT
Title Understanding the post-colonial world/
Statement of responsibility, etc Neera Chandhoke(Editor)
260 ## - PUBLICATION, DISTRIBUTION, ETC. (IMPRINT)
Place of publication, distribution, etc New Dehli:
Name of publisher, distributor, etc Sterling publishers,
Date of publication, distribution, etc 1994
300 ## - PHYSICAL DESCRIPTION
Extent 279 p.
942 ## - ADDED ENTRY ELEMENTS (KOHA)
Koha item type Books
Holdings
Withdrawn status Lost status Damaged status Home library Current library Date acquired Full call number Barcode Date last seen Price effective from Koha item type
      UMT Main Campus UMT Main Campus 2017-12-26 PKAC 320.954 UND- 116779 2017-12-26 2017-12-26 Books